Desarrollo humano (Registro nro. 3559)

Detalles MARC
000 -CABECERA
Longitud fija campo de control 01129nam a2200301 b 4500
001 - NÚMERO DE CONTROL
Número de control 00000000119567
003 - IDENTIFICADOR DELl NÚMERO DE CONTROL
Identificador del número de control OSt
005 - FECHA Y HORA DE LA ÚLTIMA TRANSACCIÓN
Fecha y hora de la última transacción 20140607213003.0
008 - CÓDIGOS DE INFORMACIÓN DE LONGITUD FIJA
Códigos de información de longitud fija 071023s2005 mex spa
020 ## - NÚMERO INTERNACIONAL NORMALIZADO PARA LIBROS
Número Internacional Normalizado para Libros (ISBN) 978-970-10-4921-1
040 ## - FUENTE DE LA CATALOGACIÓN
Centro catalogador de origen BP-SG
Centro transcriptor BMC
082 ## - NÚMERO DE LA CLASIFICACIÓN DECIMAL DEWEY
Númeroo de clasificación 612.6
100 1# - PUNTO DE ACCESO PRINCIPAL-NOMBRE DE PERSONA
Nombre de persona Papalia, Diane E.
9 (RLIN) 8167
245 10 - MENCIÓN DE TÍTULO
Título Desarrollo humano
Mención de responsabilidad, etc. Diane E. Papalia, Sally Wendkos Olds, Ruth Duskin Feldman ; en consulta con Dana Gross ; traducción de María Elena Ortiz Salinas ; revisión técnica, José Saúl Hernández López y Miguel Ángel López Carrasco
250 ## - MENCIÓN DE EDICIÓN
Mención de edición 9ª ed
260 ## - PUBLICACIÓN, DISTRIBUCIÓN, ETC. (PIE DE IMPRENTA)
Lugar de publicación, distribución, etc. México, D.F. [etc.]
Nombre del editor, distribuidor, etc. McGraw-Hill
Fecha de publicación, distribución, etc. cop. 2005
300 ## - DESCRIPCIÓN FÍSICA
Extensión XXX, 785, [43] p.
Otras características físicas il.
Dimensiones 27 cm
500 ## - NOTA GENERAL
Nota general Incluye índice
594 ## - NOTA AL TÍTULO Y MENCIÓN DE RESPONSABIBLIDAD
Nota Al Título Y Mención De Responsabilidad Traducción de la 9ª ed. en inglés de: Human development
650 24 - PUNTO DE ACCESO ADICIONAL DE MATERIA - TÉRMINO DE MATERIA
9 (RLIN) 8157
Término de materia o nombre geográfico como elemento inicial Crecimiento humano
700 1# - PUNTO DE ACCESO ADICIONAL - NOMBRE DE PERSONA
9 (RLIN) 8168
Nombre de persona Olds, Sally Wendkos
700 1# - PUNTO DE ACCESO ADICIONAL - NOMBRE DE PERSONA
9 (RLIN) 8169
Nombre de persona Feldman, Ruth Duskin
700 1# - PUNTO DE ACCESO ADICIONAL - NOMBRE DE PERSONA
9 (RLIN) 8170
Nombre de persona Gross, Dana
700 1# - PUNTO DE ACCESO ADICIONAL - NOMBRE DE PERSONA
9 (RLIN) 8165
Nombre de persona Hernández López, José Saúl
700 1# - PUNTO DE ACCESO ADICIONAL - NOMBRE DE PERSONA
9 (RLIN) 7091
Nombre de persona Ortiz Salinas, María Elena
700 1# - PUNTO DE ACCESO ADICIONAL - NOMBRE DE PERSONA
9 (RLIN) 8166
Nombre de persona López Carrasco, Miguel Ángel
942 ## - ENTRADA DE ELEMENTOS AGREGADOS (KOHA)
Fuente de clasificaión o esquema Dewey Decimal Classification
Koha [por defecto] tipo de item 1- Monografias
Existencias
Suprimido Perdido Fuente de clasificación o esquema Estropeado Restricciones de uso No para préstamo Código de colección Localización permanente Localización actual Localización en estanter&íacute;as Fecha adquisición Fuente de adquisición Número de inventario Préstamos totales Signatura completa Código de barras Fecha última consulta Fecha último préstamo Coste, precio reemplazado Fecha del precio de reemplazo Tipo de item de Koha Renovaciones totales
NULL NULL Dewey Decimal Classification NULL Prestable NULL NULL Biblioteca Miguel de Cervantes - UNICAES Biblioteca Miguel de Cervantes - UNICAES Sala Principal 29/10/2013 Donación - Facultad de Ciencias y Humanidades 005722 18 612.6 PAP des 1005722 06/05/2024 04/05/2024 30.00 29/10/2013 1- Monografias  
NULL NULL Dewey Decimal Classification NULL Prestable NULL NULL Biblioteca Miguel de Cervantes - UNICAES Biblioteca Miguel de Cervantes - UNICAES Sala Principal 29/10/2013 Donación - Facultad de Ciencias y Humanidades 005723 16 612.6 PAP des 1005723 06/05/2024 03/05/2024 30.00 29/10/2013 1- Monografias 2
NULL NULL Dewey Decimal Classification NULL Prestable NULL NULL Biblioteca Miguel de Cervantes - UNICAES Biblioteca Miguel de Cervantes - UNICAES Sala Principal 29/10/2013 Donación - Facultad de Ciencias y Humanidades 005724 17 612.6 PAP des 1005724 04/05/2024 03/05/2024 30.00 29/10/2013 1- Monografias